El cuentador de historias /

Guardat en:
Dades bibliogràfiques
Autor principal: Figueroa, Ramsés (autor)
Altres autors: Muriá, Arnau (autor) (autor)
Format: Llibre
Idioma:espanyol
Publicat: Guadalajara, México : La Zonámbula, 2015, c2015
Col·lecció:(Arbol de Semillas)
Matèries:
Etiquetes: Afegir etiqueta
Sense etiquetes, Sigues el primer a etiquetar aquest registre!

MARC

LEADER 00000nam^a2200000^a^4500
001 000389501
005 20250521000000.0
009 20260310121122.272
020 |a 978-607-9193-69-0 
037 |a Acervo ITESO - Biblioteca 
041 |a ESP 
082 |a 808. 899282  |b FIG 
100 |a Figueroa, Ramsés  |e (autor) 
245 1 3 |a El cuentador de historias /  |c R. Figueroa, A. Muriá. 
264 4 |a Guadalajara, México :  |b La Zonámbula,  |c 2015, c2015 
300 |a 58 p. 
336 |a texto  |b txt  |2 rdacontenido 
337 |a sin mediación  |b n  |2 rdamedio 
338 |a volumen  |b nc  |2 rdasoporte 
440 1 |a (Arbol de Semillas) 
521 |a EEnlace Centro de Promoción Cultural 2016 
649 |a XX 
650 |a Cuentos Infantiles -  |z México 
650 |a Cuentos Fantásticos -  |z México 
650 |a Cuentos Mexicanos 
650 |a Literatura Mexicana -  |y Siglo XXI 
650 |a Literatura Infantil -  |z México 
650 |a Literatura Fantástica -  |z México 
650 |a Andersen, Hans Christian 
700 |a Muriá, Arnau  |e (autor) 
910 |a Fondo General 
920 |a Impresos - Libros 
930 |a Colección General 
940 |a Literatura 
905 |a 101 
901 |a 0500284078  |b IT1  |c LIT  |d ES  |i c153144  |u 20250521 
902 |a https://opac.biblio.iteso.mx/vufind/Record/000389501